| 000 | 00435nam a2200205Ia 4500 | ||
|---|---|---|---|
| 001 | 11937 | ||
| 003 | GE_BSU | ||
| 008 | 181216s||||||||xx |||||||||||||| ||und|| | ||
| 020 | _a9780141011325 | ||
| 040 | _cGE_BSU | ||
| 080 | _a821.111-314 | ||
| 100 | _aTracy,P.J. | ||
| 245 | _aWant to play? | ||
| 260 | _aLondon | ||
| 260 | _bPenguin Books. | ||
| 260 | _c2004. | ||
| 300 | _a480P;18cm. | ||
| 653 | _aWant to play? | ||
| 942 | _cBK | ||
| 999 |
_c45114 _d45114 |
||